| 000 | 00608nam a2200217 a 4500 | ||
|---|---|---|---|
| 003 | OSt | ||
| 005 | 20151117165645.0 | ||
| 008 | 030526s2003 esp 000 0 spa d | ||
| 020 | _a84-96171-00-0 | ||
| 040 | _cBMC | ||
| 082 | _a840.3 | ||
| 100 | 1 |
_aSimenon, Georges _d1903-1989 _936568 |
|
| 245 | 1 | 0 |
_aPietr el Letón _cGeorges Simenon ; traducción de, Joaquín Jordá |
| 260 |
_aBarcelona _bTusquets _c2003 |
||
| 300 |
_a212 p. _c18 cm |
||
| 490 | 0 |
_aBooket _v5011/1 |
|
| 490 | 0 | _aBiblioteca Maigret | |
| 650 | 2 | 4 |
_936675 _aNovela belga |
| 700 | 1 |
_930835 _aJordá, Joaquín _d1935-2006 |
|
| 942 |
_2ddc _cBK |
||
| 999 |
_c23492 _d23492 |
||